000 00215 a2200085 4500
020 _a9789387034471
100 _aR.R. GAUR
245 _aA FOUNDATION COURSE IN HUMAN VALUES AND PROFESSIONAL ETHICS
260 _bEXCEL BOOKS
999 _c13068
_d13068